| 000 | 00629nam a22002417a 4500 | ||
|---|---|---|---|
| 003 | UA-OsUOA | ||
| 001 | 36464 | ||
| 007 | ta | ||
| 008 | 20060927b un ||||| |||| 00| 0 ukr d | ||
| 100 | _aЛужницький Г. | ||
| 090 |
_a081/792 _bЛ83 |
||
| 942 | _cBK | ||
| 040 |
_aUA-OsUOA _bukr _cUA-OsUOA _dUA-OsUOA |
||
| 245 |
_aУкраїнський театр. _b2 _cСтатті, рецензії. |
||
| 300 | _a350 с. | ||
| 955 | _a1 | ||
| 041 | _aukr | ||
| 080 | _a081/792 | ||
| 020 | _a966-613-295-8 | ||
| 260 |
_aЛьвів _c2004 |
||
| 650 | 7 |
_a08 Видання. Колективні праці _2UDC |
|
| 999 |
_c434993 _d434993 |
||